• 首页
  • 本馆介绍
  • 公告通知
  • 最新文献
  • 馆藏检索
  • 电子资源
  • 读者导购
  • 参考咨询
  • 我的图书馆
  • 登录
  • 详细信息显示
  • 放入我的书架
  • 预约/预借图书
  • 作者相关作品
  • 分类相关作品
  • 丛书相关作品
  • 出版社相关作品

书目信息

  • 表格格式
  • 工作单格式
  • 卡片格式
题名:
让阅读闪耀个性的光辉
    
 
作者: 高文春 总主编 ;方秀梅 主编
分册:  
出版信息: 长春   吉林人民出版社  2020.12
页数: 242页
开本: 24cm
丛书名:
单 册:
中图分类: G623.232
科图分类:
主题词: 阅读课--教学研究--小学
电子资源:
ISBN: 978-7-206-16039-4
000 00999nam222200241 45
001 012001001061
005 20140820140223.0
010    @a978-7-206-16039-4@dCNY62.00
100    @a20210427d2020 em y0chiy0110 ea
101 0  @achi
102    @aCN@b220000
105    @aa z 000yy
106    @ar
200 1  @a让阅读闪耀个性的光辉@e小学生个性化阅读教学的探索与实践@f方秀梅主编@g方秀梅主编@Arang yue du shan yao ge xing de guang hui@FFang Xiu Mei Zhu Bian
210    @a长春@c吉林人民出版社@d2020.12
215    @a242页@c图@d24cm
330    @a本书分为教师篇、学生篇、家长篇三部分,内容包括:开展个性化阅读教学的构想、个性化阅读教学课堂模式的构建、个性化阅读伴我成长、个性化阅读对学生性格塑造的影响、个性化阅读对家长成长的作用、个性化阅读教学在和谐家庭建设中的作用等。
606 0  @a阅读课@x教学研究@x小学
690    @aG623.232@v5
701  0 @a高文春@Agao wen chun@c(中学教育)@4总主编
702  0 @a方秀梅@Afang xiu mei@4主编
801    @aCN@bAHXH@c20210922
905    @b1250945-9@dG623.232@e1553@f5
    
    让阅读闪耀个性的光辉:小学生个性化阅读教学的探索与实践/方秀梅主编/方秀梅主编.-长春:吉林人民出版社,2020.12
    242页:图;24cm
    
    
    ISBN 978-7-206-16039-4:CNY62.00
    本书分为教师篇、学生篇、家长篇三部分,内容包括:开展个性化阅读教学的构想、个性化阅读教学课堂模式的构建、个性化阅读伴我成长、个性化阅读对学生性格塑造的影响、个性化阅读对家长成长的作用、个性化阅读教学在和谐家庭建设中的作用等。
●
相关链接 在E读中查询图书 在五车中查询图书 在当当中查询图书 在豆瓣中查询图书


正题名:让阅读闪耀个性的光辉     索取号:G623.232/1553         预约/预借

序号 登录号 条形码 馆藏地/架位号 状态 备注
1 1250945   212509454   第一样本阅览室/ [索取号:G623.232/1553] 在馆    
2 1250946   212509463   教育系资料室/ [索取号:G623.232/1553] 在馆    
3 1250947   212509472   教育系资料室/ [索取号:G623.232/1553] 在馆    
4 1250948   212509481   第四借阅区/ [索取号:G623.232/1553] 在馆    
5 1250949   212509490   第四借阅区/ [索取号:G623.232/1553] 在馆    
唐山师范学院图书馆 欢迎您!
大连网信软件有限公司© 版权所有